Detalles MARC
| 000 -LÍDER |
| Campo fijo de descripción fija |
02197cam a2200397 i 4500 |
| 001 - NÚMERO DE CONTROL |
| Campo de control |
768714001 |
| 003 - IDENTIFICADOR DEL NÚMERO DE CONTROL |
| Campo de control |
CO-MdFUSB |
| 005 - FECHA Y HORA DE LA ULTIMA TRANSACCIÓN |
| control field |
20200630155443.0 |
| 007 - CAMPO FIJO DE DESCRIPCIÓN FIJA--INFORMACIÓN GENERAL |
| Campo fijo de descripción fija |
ta |
| 008 - ELEMENTOS DE LONGITUD FIJA -- INFORMACIÓN GENERAL |
| Campo fijo de descripción fija -- Información general |
000613t2005 nyub b 001 0deng d |
| 010 ## - NÚMERO DE CONTROL DE LA BIBLIOTECA DEL CONGRESO |
| Número de control LC |
00056076 |
| 020 ## - NÚMERO INTERNACIONAL NORMALIZADO PARA LIBROS |
| Número Internacional Normalizado del libro |
0380807319 |
| 020 ## - NÚMERO INTERNACIONAL NORMALIZADO PARA LIBROS |
| Número Internacional Normalizado del libro |
9780380807314 |
| 040 ## - FUENTE DE CATALOGACIÓN |
| Agencia de catalogación original |
OTZ |
| Idioma de catalogación |
eng |
| Agencia que realiza la transcripción |
CO-MdFUSB |
| Agencia que realiza la modificación |
BAKER |
| -- |
CO-MdFUSB |
| -- |
TBS |
| -- |
BTCTA |
| -- |
YDXCP |
| -- |
IAK |
| -- |
UAU |
| -- |
A6T |
| -- |
OCLCQ |
| -- |
OCLCA |
| -- |
OCLCQ |
| -- |
OCLCO |
| -- |
OCLCF |
| -- |
OCLCO |
| -- |
OCLCQ |
| Convenciones de la descripción |
rda |
| 041 ## - CÓDIGO DE IDIOMA |
| Código de idioma para texto/pista de sonido o título separado |
eng |
| 082 ## - NÚMERO DE CLASIFICACIÓN DECIMAL DEWEY |
| Número de la edición del Dewey |
23 |
| Número de clasificación |
222.1207 |
| Clave de autor-Numero de item |
F298 |
| 100 1# - ASIENTO PRINCIPAL--NOMBRE PERSONAL |
| Nombre personal |
Feiler, Bruce S. |
| Término relacionador |
autor |
| 245 10 - TÍTULO |
| Título del Material |
Walking the Bible : |
| Parte restante del título - Subtitulo |
a journey by land through the five books of Moses |
| Mención de responsabilidad, etc. |
/ Feiler, Bruce S, Alex Gregory, David Wallace. |
| 264 #1 - PRODUCCIÓN, PUBLICACIÓN, DISTRIBUCIÓN, MANUFACTURA, Y COPYRIGHT |
| Lugar de producción, publicación, distribución, manufactura |
New York : |
| Nombre del productor, publicador, distribuidor |
WGBH Boston, |
| Fecha de producción, publicación, distribución, manufactura, o copyright |
[2005] |
| 264 #4 - PRODUCCIÓN, PUBLICACIÓN, DISTRIBUCIÓN, MANUFACTURA, Y COPYRIGHT |
| Fecha de producción, publicación, distribución, manufactura, o copyright |
© 2005 |
| 300 ## - DESCRIPCIÓN FÍSICA |
| Extensión |
451 páginas : |
| Otros detalles físicos |
mapas ; |
| Dimensiones |
25 cm. |
| 336 ## - TIPO DE CONTENIDO |
| Término de tipo de contenido |
texto |
| Código de tipo de contenido |
tdi |
| Fuente |
rdacontent |
| 337 ## - TIPO DE MEDIO |
| Nombre del tipo de medio |
otro |
| Código del tipo de medio |
n |
| Fuente |
rdamedia |
| 338 ## - TIPO DE SOPORTE |
| Nombre del tipo de soporte |
volumen |
| Código Tipo de soporte |
nc |
| Fuente |
rdacarrier |
| 500 ## - NOTA GENERAL |
| Nota General |
Mapa del mundo bíblico de c. 2000-1200 a.E.C. y del Medio Oriente. |
| 504 ## - NOTA DE BIBLIOGRAFÍA, ETC. |
| Nota de bibliografía, etc |
Incluye referencias bibliográficas e indice. |
| 505 ## - NOTA DE CONTENIDO |
| Nota de contenido con formato preestablecido |
Y Dios dijo. Sal, Dios de nuestros padres. En la tierra de Canaán; Toma ahora a tu hijo; Una almohada de piedras: un abrigo de muchos colores. A orillas del Nilo; E hicieron sus vidas amargas; Un muro de agua - El gran y terrible desierto. Una tierra de ardientes serpientes y escorpiones; En tierra santa; La montaña pisoteada por Dios: la tierra que devora a su gente. Errante Y la tierra abrió su boca; La tierra de la leche y la miel: hacia la tierra prometida. Las guerras del señor; La mitad de viejo que el tiempo; Amanecer en la palma del Señor; Y la gente creyó; Toma estas palabras. |
| 520 1# - NOTA DE RESUMEN, ETC. |
| Nota de sumario, etc. |
"Una parte de historia de aventuras, una parte de trabajo de detective arqueológico, una parte de exploración espiritual, Walking the Bible narra una odisea personal inspiradora, a pie, jeep, bote de remos y camello, a través de las mejores historias jamás contadas". |
| 563 ## - NOTA DE ENCUADERNACIÓN |
| Nota de encuadernación |
Rústico |
| 630 #7 - TITULO UNIFORME |
| Título uniforme |
Biblia. |
| Nombre de parte o sección de la obra |
Éxodo. |
| Subdivisión de materia general |
Crítica, interpretación, etc. |
| 700 ## - ASIENTO SECUNDARIO - NOMBRE PERSONAL |
| 9 (RLIN) |
4180 |
| Nombre personal |
Gregory, Alex, |
| Responsabilidad |
editor |
| 700 ## - ASIENTO SECUNDARIO - NOMBRE PERSONAL |
| 9 (RLIN) |
4181 |
| Nombre personal |
Wallace, David, |
| Responsabilidad |
editor |
| 942 ## - TIPO DE MATERIAL (KOHA) |
| Tipo de Item KOHA |
Libros General |
| 945 ## - INFORMACIÓN LOCAL DEL REGISTRO |
| Catalogador |
JTF-925 |